[Event "1st Magistral Barbera del Valles 2020"]
[Site "Barbera del Valles"]
[Date "2020.11.27"]
[Round "8.4"]
[White "Alsina Leal, Daniel"]
[Black "Narciso Dublan, Marc"]
[Result "1/2-1/2"]
[WhiteElo "2498"]
[BlackElo "2492"]
[Annotator "TA"]
[PlyCount "131"]
[EventDate "2020.11.20"]
[EventType "tourn"]
[EventCountry "ESP"]
[SourceTitle "playchess.com"]
[Source "ChessBase"]
[SourceQuality "1"]

{[%evp 9,131,14,35,39,44,41,25,14,30,22,41,41,38,41,32,39,37,35,32,43,64,37,46,43,51,10,9,5,8,14,27,23,14,2,2,2,2,1,1,0,1,2,2,2,2,1,1,-15,2,1,2,2,8,8,13,3,3,3,13,13,13,8,13,8,8,8,8,8,8,8,8,8,8,8,8,8,8,8,8,0,8,8,8,8,8,8,8,8,8,8,41,41,41,19,19,19,19,19,19,8,8,8,8,8,8,8,8,0,0,0,8,8,8,8,8,8,8,8,8,8,8,8,8,8]} 1. e4 d6 2. d4 Nf6 3. Nc3 e5 4. Nf3 Nbd7 5. Rg1 g6 6. g4 {C41: Philidor Defence.} Bg7 7. g5 Nh5 8. Be3 {White has an edge.} O-O 9. Qd2 Nb6 {[#]} 10. dxe5 $146 ({Predecessor:} 10. O-O-O f5 11. dxe5 fxe4 12. Bxb6 axb6 13. Qd5+ Kh8 14. Qxe4 Qe7 15. Nd5 Qf7 16. Bc4 {½-½ (24) Khamrakulov,D (2498)-Kadric,D (2502) Charlotte 2018}) 10... dxe5 11. Qxd8 Rxd8 12. Nb5 Bd7 13. O-O-O Bxb5 14. Bxb5 c6 15. Be2 Nf4 16. Rxd8+ Rxd8 17. Bxf4 (17. Bf1 {seems wilder.} Nd7 18. h4 b5 19. Bd3 Nf8 20. Rd1) 17... exf4 18. Rg4 Nd7 19. Rxf4 Ne5 20. h4 h5 21. Nxe5 Bxe5 $11 {[%mdl 4096] Endgame KRB-KRB} 22. Rf3 Kg7 23. Bd3 Rf8 24. Kd2 f6 25. gxf6+ Rxf6 26. Rxf6 Bxf6 {KB-KB} 27. b3 Bxh4 28. f4 Be7 29. e5 Bb4+ 30. Ke3 Kf7 31. Ke4 Bd2 32. Bf1 Ke7 33. Bh3 Bc1 34. Bc8 b6 35. Bh3 b5 36. Bf1 b4 37. Bd3 c5 38. Bf1 Bd2 39. Bh3 Bc1 40. f5 gxf5+ 41. Bxf5 h4 42. Kd5 Be3 43. Kc6 Bd4 44. Kd5 Bf2 45. Bh3 Bd4 46. e6 Bf2 47. Kc6 Bd4 48. Kb7 Be3 49. Kxa7 c4+ 50. Ka6 cxb3 51. cxb3 Bc1 {The position is equal.} 52. Kb5 Bd2 53. Ka4 Kd6 54. a3 bxa3 55. Kxa3 Bg5 56. Kb4 Kc6 57. Kc4 Be7 58. Bf1 Kd6 59. Bh3 Kc6 60. b4 Kb6 61. Bg2 Bf8 62. b5 Be7 63. Bf1 Bf8 64. Kd5 h3 65. Bxh3 Kxb5 66. Ke4 {Weighted Error Value: White=0.03/Black=0.03} 1/2-1/2

[Event "1st Magistral Barbera del Valles 2020"]
[Site "Barbera del Valles"]
[Date "2020.11.27"]
[Round "8.5"]
[White "Studer, Noel"]
[Black "Santos Latasa, Jaime"]
[Result "1/2-1/2"]
[WhiteElo "2582"]
[BlackElo "2600"]
[Annotator "TA"]
[PlyCount "59"]
[EventDate "2020.11.20"]
[EventType "tourn"]
[EventCountry "ESP"]
[SourceTitle "playchess.com"]
[Source "ChessBase"]
[SourceQuality "1"]

{[%evp 10,59,39,25,31,42,71,21,8,13,12,16,18,17,42,25,25,0,12,2,12,14,18,0,0,0,0,0,10,10,11,9,8,15,18,23,35,35,34,18,48,48,48,48,48,42,46,42,48,35,42,42]} 1. d4 Nf6 2. c4 g6 3. Nc3 Bg7 4. e4 d6 5. h3 O-O 6. Be3 Nc6 {E71: King's Indian: 4 e4 d6 5 h3.} 7. d5 Ne5 8. Be2 (8. f4 $5 {[%cal Rf4e5]} Ned7 9. g4 $11) 8... e6 {The position is equal.} 9. Nf3 Nxf3+ 10. Bxf3 Nd7 11. Qd2 f5 12. exf5 exf5 13. O-O {[#]} Qf6 $146 {[#] White must now prevent ...f4.} ({Predecessor:} 13... Qh4 14. Bf4 Be5 15. Bg5 Qxc4 16. Be2 Bxc3 17. bxc3 Qa4 18. c4 Nc5 19. Be3 b6 {½-½ (54) Mendonca,L (2499)-Tomazini,Z (2413) Budapest 2020}) 14. Bf4 a6 15. Rad1 Qf7 16. h4 Ne5 17. Be2 Bd7 18. a4 a5 19. Rfe1 b6 20. g3 Rae8 21. Kg2 h5 22. b3 Kh7 23. Bf1 Bf6 24. Ne2 {[%cal Bc3e2,Be2g1,Bg1h3][%mdl 32]} c5 25. Ng1 {White is slightly better.} Qg7 26. Nh3 Nf7 27. Re2 Rxe2 28. Bxe2 Re8 29. Bd3 Kg8 30. Bb1 {Weighted Error Value: White=0.07/Black=0.05} 1/2-1/2

[Event "1st Magistral Barbera del Valles 2020"]
[Site "Barbera del Valles"]
[Date "2020.11.28"]
[Round "9.1"]
[White "Santos Latasa, Jaime"]
[Black "Krysa, Leandro"]
[Result "1/2-1/2"]
[WhiteElo "2600"]
[BlackElo "2531"]
[Annotator "TA"]
[PlyCount "115"]
[EventDate "2020.11.20"]
[EventType "tourn"]
[EventCountry "ESP"]
[SourceTitle "playchess.com"]
[Source "ChessBase"]
[SourceQuality "1"]

{[%evp 29,115,52,50,46,41,37,50,57,33,38,52,12,28,0,0,0,0,0,0,0,0,0,26,0,0,-17,-17,-42,-14,0,8,0,-3,-22,-11,-20,-14,-214,0,0,1,3,1,3,0,0,0,0,20,11,11,14,33,33,33,33,32,30,39,27,27,27,27,27,27,27,40,23,27,27,27,22,22,1,8,1,1,1,1,8,8,8,191,190,363,363,378,378]} 1. e4 e5 2. Nf3 Nc6 3. Bb5 a6 4. Ba4 Nf6 5. O-O Be7 6. Re1 b5 7. Bb3 O-O 8. c3 d5 9. exd5 Nxd5 10. Nxe5 Nxe5 11. Rxe5 c6 12. d3 Bd6 13. Re1 Qh4 14. g3 Qh3 15. Re4 Nf6 {Nowadays more popular than 15...Qf5.} 16. Rh4 {C89: Closed Ruy Lopez: Marshall Attack.} Qf5 17. Nd2 Ng4 18. f3 {White is slightly better.} Ne3 19. Qe2 Nd5 $1 {[#]} 20. Nf1 $146 ({Predecessor:} 20. c4 Nc7 21. d4 Qg6 22. Nf1 Re8 23. Re4 Bf5 24. Re3 Ne6 25. Qf2 Be7 26. Re1 {½-½ (33) Pranesh,M (2425)-Svane,R (2608) Moscow 2020}) 20... Qg6 21. Qf2 (21. Bxd5 $5 cxd5 22. Bf4 $14) 21... Bf5 ({Avoid the trap} 21... Qxd3 $2 22. Bc2 $18) 22. Ne3 Nxe3 23. Bxe3 Be7 24. Rd4 Rae8 25. Re1 Bc5 26. Rf4 (26. Re4 $5 Bxe4 27. Bxc5 Bxd3 28. Bxf8 Rxf8 29. Qa7 $14) 26... Bd6 27. Re4 Bxe4 28. fxe4 Kh8 {With the idea ...f5.} 29. Rf1 Re7 30. Kh1 a5 {[%cal Ba6a5,Ba5a4][%mdl 32]} 31. a3 a4 32. Ba2 f5 33. exf5 $2 {[#]} (33. Qf3 $11) 33... Rxf5 $2 (33... Qe8 $1 $19 34. Re1 Qh5) 34. Qxf5 $11 Qxf5 35. Rxf5 {[%cal Rf5f8]} Rxe3 {[%mdl 4096] Endgame KRB-KRB} 36. Kg2 Rxd3 37. Rf2 g6 38. Re2 Kg7 39. Bb1 Rd5 40. Be4 Re5 41. Kf3 c5 42. Rd2 Re6 43. Bc6 b4 44. axb4 cxb4 45. Bxa4 bxc3 46. bxc3 Bc5 47. Rd7+ Kf6 48. Rd3 Rd6 49. Rxd6+ Bxd6 {KB-KB} 50. Ke4 h5 51. Kd5 Bb8 52. c4 {[%cal Bc3c4,Bc4c5,Bc5c6][%mdl 32]} h4 53. gxh4 Bxh2 54. c5 g5 55. h5 Kg7 $2 {[#]} (55... g4 $11 {and Black is okay.} 56. Ke4 Kg5) 56. Bd1 $18 g4 $2 (56... Kf6 57. Bg4 Bf4) 57. Bxg4 Kh8 58. c6 {[%mdl 32768] Weighted Error Value: White=0.16/Black=0.25. An unexpected result.} 1/2-1/2

[Event "1st Magistral Barbera del Valles 2020"]
[Site "Barbera del Valles"]
[Date "2020.11.28"]
[Round "9.2"]
[White "Narciso Dublan, Marc"]
[Black "Studer, Noel"]
[Result "1/2-1/2"]
[WhiteElo "2492"]
[BlackElo "2582"]
[Annotator "TA"]
[PlyCount "195"]
[EventDate "2020.11.20"]
[EventType "tourn"]
[EventCountry "ESP"]
[SourceTitle "playchess.com"]
[Source "ChessBase"]
[SourceQuality "1"]

{[%evp 13,195,-13,-13,-20,-6,-6,-6,-13,-12,-3,7,-17,-16,-20,-8,-48,0,0,0,0,39,28,35,0,0,-13,0,-25,0,-22,-26,-45,-31,-37,-24,-26,-22,-41,-39,-52,-37,-53,-35,-37,0,0,0,-38,-52,-53,-60,-28,-35,-31,-45,-44,-26,-39,0,-54,-12,-17,0,0,73,0,0,0,-8,-13,74,2,1260,0,60,62,62,80,52,17,31,16,127,0,0,0,0,0,0,0,91,93,110,85,85,79,77,0,82,72,78,102,170,170,137,166,159,151,135,135,300,310,1246,1137,310,310,6370,268,277,179,6404,0,6234,164,6258,164,6134,0,6107,6093,6093,6093,5875,5573,2543,1064,1514,1451,6118,8,8,8,8,8,8,8,8,8,8,8,8,8,8,8,8,8,8,8,8,8,8,8,8,8,8,0,8,8,8,8,8,8,8,8,8,8,8,8,8,8,8,8,8,8]} 1. d4 Nf6 2. c4 e6 3. Nc3 Bb4 4. g3 O-O 5. Bg2 d5 6. Nf3 dxc4 7. O-O Nc6 8. Qa4 {E20: Nimzo-Indian: 4 g3 and 4 f3.} Nd5 9. Qc2 Be7 10. Rd1 Rb8 11. e4 Ncb4 12. Qd2 Nxc3 13. Qxc3 b5 $1 {[#]} 14. Be3 $146 ({Predecessor:} 14. b3 Bb7 15. Ba3 a5 16. Ne5 Nxa2 17. Rxa2 Bxa3 18. bxc4 Bb4 19. Qc1 bxc4 20. Nxc4 {0-1 (40) Dubov,D (2699)-Vidit,S (2726) Chess.com INT 2020}) 14... Bb7 15. Ne1 Qc8 16. a3 {[%cal Ba2a3,Ba3a4][%mdl 32]} Na6 17. a4 {[%mdl 1024] White has compensation.} Bb4 18. Qc1 (18. Qc2 $5 {[%cal Ra4b5]} c6 19. b3 $14) 18... c6 19. Nc2 Be7 20. h4 Re8 21. h5 h6 22. Bh3 Qc7 23. Qd2 $1 Rbd8 {...Nc5! is the strong threat.} 24. Qe2 Kh8 25. Bd2 Rd7 26. Qe1 Qb8 27. Ba5 Ba8 28. Ne3 Rb7 29. Ng4 bxa4 {aiming for ...Bb4.} 30. Ne5 Bb4 31. Bxb4 Nxb4 32. Qc3 Nd3 33. Nxd3 cxd3 34. Rxa4 Rxb2 35. Qxd3 Rb5 (35... Rd8 {is more complex.} 36. Qa3 c5 37. d5 exd5 38. Rxa7 Rb7) 36. Qf3 (36. Rda1 $11) 36... Re7 37. Bf1 Rg5 38. Rc1 e5 (38... Rd7 $11) 39. Ra5 ({White should try} 39. Qa3 $1 $16 {[%cal Ra3e7]} Rb7 40. Ra1) 39... exd4 $11 {[%mdl 64] Discovered Attack} 40. Rxg5 hxg5 41. Rc5 f6 {[#]} (41... Qd6 $1 $11 42. Rxg5 c5) 42. h6 $1 {[%mdl 512]} Qd6 $2 {[%mdl 8192] [#]} (42... Bb7 $11) (42... gxh6 43. Qxf6+) 43. Qf5 $2 (43. Rxg5 $1 $18 {[%mdl 512] Threatening mate with hxg7+.} gxh6 (43... fxg5 44. Qf8+) 44. Rg6 $1 {[%mdl 576] Double Attack}) 43... Qe6 ({Don't blunder} 43... gxh6 $2 44. Qc8+ Kg7 45. Bc4 $1 $18 {[%mdl 512]}) (43... Bb7 $11) 44. Qg6 $14 Qf7 $1 {[%cal Rf7g6]} 45. hxg7+ $1 Qxg7 46. Qh5+ Qh7 47. Qf3 Kg7 {[#]} (47... Qh6 $1 $11 {keeps the balance.}) 48. e5 $1 {[%mdl 512]} Rxe5 49. Rxe5 fxe5 50. Qa3 Bb7 $1 {Strongly threatening ...c5!} 51. Bd3 {White threatens Qe7+! and mate.} Qg8 (51... e4 $11 52. Qe7+ Kh6 53. Qf6+ Qg6 54. Qh8+ Qh7 55. Qf6+ Qg6 56. Qh8+ Qh7 57. Qf6+) 52. Qe7+ $16 {[%mdl 64] Double Attack} Qf7 53. Qxg5+ Kf8 54. Qd8+ Kg7 55. Qg5+ {[%mdl 64] Double Attack} Kf8 56. Qxe5 c5 57. Qxc5+ {[%mdl 64] Double Attack} Qe7 (57... Ke8 $16 {might work better.}) 58. Qxd4 $18 Qe1+ 59. Bf1 Qe4 60. Qxe4 $1 Bxe4 $16 {[%mdl 4096] Endgame [#] KB-KB} 61. Ba6 $1 {Cut Off at move 61} Ke7 $2 {[#]} (61... Bf3 $16 {was called for.} 62. Kf1 Ke7) 62. f4 $1 $18 Bf5 $2 (62... Bf3 63. Kf2 Bd1) 63. Kf2 Bg4 64. Ke3 Kf6 $2 (64... Be6 65. Be2 a5) 65. Ke4 $2 (65. Be2 Bd7 66. g4) 65... Bd1 66. Kd4 Bh5 $2 (66... Bg4 67. Bc4 Bd1) 67. Ke3 Bg4 $1 68. Kd3 $2 (68. Be2 Bd7 69. g4) 68... Bh5 $2 (68... Bd7) 69. Kd4 $2 (69. Bc8 Bd1 70. Kd2) 69... Bd1 $2 (69... Bg4 70. Bf1 Ke6) 70. Kd3 Bh5 71. Kd2 Bf3 72. Be2 Bd5 73. g4 a5 74. Kc3 (74. Bd1 $142 Bc6 75. Kc3) 74... Be6 75. Bd1 Kg6 76. Kd4 $2 (76. Bc2+ $18 Kg7 77. g5) 76... a4 $1 $11 {The position is equal.} 77. Bc2+ Kg7 $1 78. g5 a3 79. Kc3 a2 80. Kb2 Bd5 81. f5 Bc4 82. Ba4 Kf7 83. Bd1 Ke7 84. Bh5 Bd5 85. Bg4 Kf7 86. Be2 Ke7 87. Bd3 Kd6 88. Ba6 Ke7 89. Bc8 Kf7 90. Ka1 Bc4 91. Bd7 Bd5 92. Bb5 Ke7 93. Be2 Kd6 94. Bh5 Ke5 95. f6 {Black must now prevent f7.} Kf5 96. f7 Bxf7 $1 97. Bxf7 {g6 would kill now.} Kxg5 98. Kxa2 {Black defended with fortune.  Weighted Error Value: White=0.23/Black=0.23} 1/2-1/2

[Event "1st Magistral Barbera del Valles 2020"]
[Site "Barbera del Valles"]
[Date "2020.11.28"]
[Round "9.3"]
[White "Cheparinov, Ivan"]
[Black "Alsina Leal, Daniel"]
[Result "0-1"]
[WhiteElo "2688"]
[BlackElo "2498"]
[Annotator "TA"]
[PlyCount "58"]
[EventDate "2020.11.20"]
[EventType "tourn"]
[EventCountry "ESP"]
[SourceTitle "playchess.com"]
[Source "ChessBase"]
[SourceQuality "1"]

{[%evp 18,58,8,1,2,14,27,0,0,-22,-36,-44,-41,-47,-23,-32,-41,-58,-41,-37,-25,-68,-65,-67,-62,-85,-81,-88,-43,-75,-71,-94,-95,-107,-97,-92,-99,-129,-125,-129,-141,-181,-193]} 1. Nf3 Nf6 2. c4 c5 3. Nc3 d5 4. cxd5 Nxd5 5. e3 e6 6. Bc4 Nc6 7. O-O Be7 8. Qe2 O-O 9. d4 cxd4 10. exd4 Bf6 {D41: Queen's Gambit Declined: Semi-Tarrasch with 5 cxd5.} 11. Rd1 {[#]} Nce7 $146 ({Predecessor:} 11... b6 12. Qe4 Nce7 13. Bg5 Bb7 14. Qg4 Bxg5 15. Nxg5 h6 16. Nf3 Rc8 17. Ne5 Nf5 18. Nxd5 Bxd5 {½-½ (52) Li,C (2745)-Gopal,G (2589) Ashkhabad 2017}) 12. Ne4 b6 {The position is equal.} 13. h4 Bb7 14. h5 h6 15. Ne5 Nf5 16. Nxf6+ Nxf6 17. Bf4 Nd5 ({Don't blunder} 17... Nxd4 $2 18. Qe3 $18) 18. Bh2 Qg5 {[#] ...Nc3! is the strong threat.} 19. Qg4 Qxg4 20. Nxg4 Rac8 21. Bb3 Rfd8 22. Rd2 Nb4 23. Rad1 Bd5 24. Ne3 Bxb3 25. axb3 Ne7 26. g4 Rd7 27. Kg2 Rcd8 28. Kf3 Nec6 29. Ke4 Na5 {Weighted Error Value: White=0.16/Black=0.06} 0-1

[Event "1st Magistral Barbera del Valles 2020"]
[Site "Barbera del Valles"]
[Date "2020.11.28"]
[Round "9.4"]
[White "Oratovsky, Michael"]
[Black "Peralta, Fernando"]
[Result "1/2-1/2"]
[WhiteElo "2414"]
[BlackElo "2586"]
[Annotator "TA"]
[PlyCount "40"]
[EventDate "2020.11.20"]
[EventType "tourn"]
[EventCountry "ESP"]
[SourceTitle "playchess.com"]
[Source "ChessBase"]
[SourceQuality "1"]

{[%evp 15,40,13,18,23,19,18,14,11,18,4,0,-7,0,0,0,-10,-2,-14,0,0,1,0,0,0,31,21,23]} 1. e4 e6 2. d4 d5 3. Nd2 c5 4. Ngf3 cxd4 5. Nxd4 Nc6 6. Bb5 Bd7 7. Nxc6 bxc6 8. Bd3 Qc7 9. Qe2 {C07: French Tarrasch: 3...c5, 4 Ngf3 and 4 exd5 Qxd5.} Ne7 10. Nf3 Ng6 11. O-O Be7 12. g3 O-O {[#]} 13. h4 $146 ({Predecessor:} 13. c3 dxe4 14. Bxe4 f5 15. Bc2 f4 16. Bxg6 fxg3 17. Be4 gxh2+ 18. Nxh2 Bc5 19. Qh5 g6 20. Qxc5 Rf7 21. Ng4 {1-0 (21) Hullsiek,T-Makosiej,W (1619) ICCF email 2008}) 13... Bd6 14. h5 Ne5 15. Nxe5 Bxe5 16. c3 f5 17. exf5 exf5 {[#] Threatens to win with ...f4.} 18. f4 $1 Bd6 19. Be3 c5 {White must now prevent ...Rae8.} 20. Qf2 Rab8 {An uneventful encounter.  Weighted Error Value: White=0.02/Black=0.07} 1/2-1/2

[Event "1st Magistral Barbera del Valles 2020"]
[Site "Barbera del Valles"]
[Date "2020.11.28"]
[Round "9.5"]
[White "Grigoryan, Karen H."]
[Black "Munoz, Miguel"]
[Result "1/2-1/2"]
[WhiteElo "2659"]
[BlackElo "2442"]
[Annotator "TA"]
[PlyCount "85"]
[EventDate "2020.11.20"]
[EventType "tourn"]
[EventCountry "ESP"]
[SourceTitle "playchess.com"]
[Source "ChessBase"]
[SourceQuality "1"]

{[%evp 12,85,50,14,79,72,71,64,101,91,107,73,89,30,49,-17,-14,-2,-9,-12,19,16,26,29,14,21,31,-43,-20,-22,0,0,0,-7,-4,0,0,0,0,-10,0,0,0,0,0,0,0,-14,44,8,90,90,87,-112,-113,-113,-113,-200,-187,-197,-197,-187,-160,-193,-160,-195,-183,-201,-177,-387,-142,-158,-8,-8,-10,-20]} 1. d4 Nf6 2. c4 c5 3. Nf3 g6 4. Nc3 Bg7 5. e4 d6 6. Be2 O-O 7. h3 Nc6 {E91: King's Indian: Classical: 6 Be2, unusual replies including 6...c5 and 6...Bg4.} (7... cxd4 $11 8. Nxd4 b6) 8. d5 $16 Na5 9. Bg5 {[#]} e6 $146 {White is slightly better.} ({Predecessor:} 9... e5 10. Nd2 h6 11. Be3 Ne8 12. g4 Bd7 13. h4 a6 14. h5 g5 15. b4 cxb4 {1-0 (60) Nielsen,P (2662)-Munoz Pantoja,M (2460) Barcelona 2012}) 10. Qd2 e5 11. Nh2 a6 12. Ng4 (12. O-O $16) 12... b5 $1 $11 13. cxb5 (13. b3 $14) 13... axb5 {White must now prevent ...Nb3!} 14. Qc2 ({Don't play} 14. Nxb5 Nb3 $17) 14... b4 15. Nb1 h5 (15... Bxg4 $5 16. hxg4 h6 17. Bxf6 Bxf6 $11) 16. Ne3 Qc7 17. Nd2 Nh7 18. Bh4 Bh6 19. Ndc4 (19. a3 $14) 19... Nxc4 20. Nxc4 Ba6 21. O-O Rfb8 22. Bd3 Bxc4 23. Bxc4 Bg5 24. Bxg5 Nxg5 25. a4 b3 26. Qd3 Rb4 27. h4 Nh7 28. Bb5 Nf6 29. f3 c4 (29... Nd7 $11) 30. Qe3 Qa7 (30... Nd7 $11 {remains equal.}) 31. Qxa7 $16 Rxa7 32. Rfc1 $2 (32. Kf2 $16 {stays on course.}) 32... c3 $1 $17 {[%cal Rc3b2]} 33. Kf2 {[#]} Kg7 $1 $36 {[%mdl 2048] White is under strong pressure.} 34. Rab1 (34. Re1 $17 c2 35. Ke3) 34... c2 $19 35. Ra1 {[#]} Nd7 $1 {[%cal Rd7c5]} 36. Bxd7 Rxd7 {[%mdl 4096] Endgame KRR-KRR} 37. Ke3 Rd4 38. a5 Ra7 39. Ke2 {intending Ra3.} f5 40. exf5 $2 (40. Ra3 {was called for.}) 40... gxf5 $2 (40... Rxd5 $19 {has better winning chances.} 41. a6 gxf5) 41. Ra3 $17 Rxd5 ({Black should try} 41... Rb4 $17 {Threatens to win with ...e4.} 42. Kd3 e4+ 43. Kc3 Rb5 44. fxe4 fxe4) 42. Rxb3 $11 Raxa5 43. Rxc2 {Weighted Error Value: White=0.31/Black=0.26} 1/2-1/2